[Event "Tamil Nadu IM 27th"]
[Site "Coimbatore"]
[Date "2024.09.12"]
[Round "8"]
[White "Nandish, VS."]
[Black "Pawar, Harshit"]
[Result "0-1"]
[WhiteElo "2212"]
[BlackElo "2213"]
[PlyCount "98"]
[EventDate "2024.09.07"]
[EventType "tourn"]
[EventRounds "9"]
[EventCountry "IND"]
[EventCategory "1"]
[SourceTitle "EXT 2025"]
[Source "ChessBase"]
[SourceDate "2024.10.14"]
[SourceVersion "1"]
[SourceVersionDate "2024.10.14"]
[SourceQuality "1"]

1. d4 Nf6 2. c4 e6 3. Nc3 Bb4 4. e3 0-0 5. Nge2 c6 6. a3 Ba5 7. Ng3 d5 8. Bd2 Nbd7 9. Be2 dxc4 10. Bxc4 e5 11. 0-0 exd4 12. exd4 Bc7 13. Ba2 Nb6 14. Bg5 h6 15. Bxf6 Qxf6 16. Nce4 Qf4 17. Nc5 Nd7 18. Nxd7 Bxd7 19. Qc1 Qf6 20. Rd1 Rae8 21. Qc2 Re7 22. Re1 Rfe8 23. Rxe7 Rxe7 24. Rd1 g6 25. Nf1 Kh7 26. Bc4 Bb6 27. Qc3 Re4 28. Ne3 Rxd4 29. Rxd4 Bxd4 30. Qb3 b5 31. Bxf7 Bxb2 32. h4 h5 33. Bg8+ Kg7 34. a4 bxa4 35. Qb7 Kxg8 36. Qxd7 a3 37. Qxa7 Qxh4 38. Qa8+ Kh7 39. Qa7+ Kh6 40. Qa8 Qe4 41. Qf8+ Kh7 42. Qf7+ Bg7 43. Qb3 Qe7 44. g4 h4 45. Kh2 Qe5+ 46. Kh3 Qb2 47. Qf7 a2 48. Nf5 a1Q 49. Ne7 Qh1# 0-1

[Event "Titled Tuesday intern op 10th Sep Early"]
[Site "Chess,com INT"]
[Date "2024.09.10"]
[Round "1"]
[White "Fayard, Alain"]
[Black "Pawar, Harshit"]
[Result "0-1"]
[WhiteElo "2153"]
[BlackElo "2213"]
[PlyCount "72"]
[EventDate "2024.09.10"]
[EventType "swiss (blitz)"]
[EventRounds "11"]
[EventCountry "USA"]
[SourceTitle "EXT 2025"]
[Source "ChessBase"]
[SourceDate "2024.10.14"]
[SourceVersion "1"]
[SourceVersionDate "2024.10.14"]
[SourceQuality "1"]

1. e4 e6 2. d4 d5 3. Nc3 Nf6 4. e5 Nfd7 5. f4 c5 6. Nf3 Nc6 7. Be3 Be7 8. Ne2 cxd4 9. Nexd4 0-0 10. c3 Nc5 11. Be2 Ne4 12. 0-0 f6 13. exf6 Bxf6 14. Bd3 Nd6 15. Qc2 g6 16. Bxg6 hxg6 17. Qxg6+ Bg7 18. Ng5 Rf6 19. Qh7+ Kf8 20. Qd3 Rh6 21. f5 exf5 22. Nxf5 Nxf5 23. Rxf5+ Bxf5 24. Qxf5+ Kg8 25. Rf1 Qd6 26. Bf4 Qc5+ 27. Kh1 Rf8 28. Qg4 Ne5 29. Qg3 Qe7 30. Re1 Qf6 31. Be3 Rg6 32. h4 Qf5 33. Bd4 Nf7 34. Bxg7 Rxg7 35. Re3 Nxg5 36. hxg5 Qf1+ 0-1

[Event "Titled Tuesday intern op 10th Sep Early"]
[Site "Chess,com INT"]
[Date "2024.09.10"]
[Round "5"]
[White "Pawar, Harshit"]
[Black "Dmitrenko, Viktor"]
[Result "1-0"]
[WhiteElo "2213"]
[BlackElo "2395"]
[PlyCount "57"]
[EventDate "2024.09.10"]
[EventType "swiss (blitz)"]
[EventRounds "11"]
[EventCountry "USA"]
[SourceTitle "EXT 2025"]
[Source "ChessBase"]
[SourceDate "2024.10.14"]
[SourceVersion "1"]
[SourceVersionDate "2024.10.14"]
[SourceQuality "1"]

1. e4 c5 2. Nc3 Nc6 3. Bb5 Nd4 4. Bc4 g6 5. Nf3 Bg7 6. Nxd4 Bxd4 7. Qf3 e6 8. Nb5 d6 9. Nxd4 cxd4 10. d3 Bd7 11. 0-0 Qc7 12. Bg5 Bc6 13. Rae1 h6 14. Bf6 Nxf6 15. Qxf6 Rf8 16. f4 Qe7 17. Qxd4 0-0-0 18. Qxa7 Qf6 19. c3 d5 20. exd5 exd5 21. Bb3 d4 22. cxd4 Qxd4+ 23. Qxd4 Rxd4 24. Bc4 Kd7 25. f5 g5 26. f6 Re8 27. Bxf7 Rxe1 28. Rxe1 Rxd3 29. Be8+ 1-0

[Event "Tamil Nadu IM 27th"]
[Site "Coimbatore"]
[Date "2024.09.09"]
[Round "4"]
[White "Vahidov, Tair"]
[Black "Pawar, Harshit"]
[Result "1/2-1/2"]
[WhiteElo "2345"]
[BlackElo "2213"]
[PlyCount "22"]
[EventDate "2024.09.07"]
[EventType "tourn"]
[EventRounds "9"]
[EventCountry "IND"]
[EventCategory "1"]
[SourceTitle "EXT 2025"]
[Source "ChessBase"]
[SourceDate "2024.10.14"]
[SourceVersion "1"]
[SourceVersionDate "2024.10.14"]
[SourceQuality "1"]

1. Nf3 Nf6 2. c4 g6 3. d4 Bg7 4. g3 d6 5. Bg2 c6 6. Nc3 0-0 7. 0-0 Bf5 8. Nh4 Bc8 9. Nf3 Bf5 10. Nh4 Bc8 11. Nf3 Bf5 1/2-1/2

[Event "Tamil Nadu IM 26th"]
[Site "Coimbatore"]
[Date "2024.09.03"]
[Round "7"]
[White "Gochelashvili, David"]
[Black "Pawar, Harshit"]
[Result "0-1"]
[WhiteElo "2230"]
[BlackElo "2284"]
[PlyCount "54"]
[EventDate "2024.08.30"]
[EventType "tourn"]
[EventRounds "9"]
[EventCountry "IND"]
[EventCategory "2"]
[SourceTitle "EXT 2025"]
[Source "ChessBase"]
[SourceDate "2024.10.14"]
[SourceVersion "1"]
[SourceVersionDate "2024.10.14"]
[SourceQuality "1"]

1. e4 c6 2. d4 d5 3. exd5 cxd5 4. Bd3 Nc6 5. c3 Qc7 6. Nf3 Bg4 7. Nbd2 e6 8. h3 Bh5 9. 0-0 Bd6 10. Re1 Nge7 11. Nf1 h6 12. Be3 g5 13. Rc1 0-0-0 14. c4 dxc4 15. Rxc4 Kb8 16. Qe2 f5 17. Bd2 Qd7 18. a4 e5 19. dxe5 Bxf3 20. gxf3 Bxe5 21. Bc2 Ng6 22. Rd1 Nd4 23. Qd3 Nh4 24. Bc3 Nhxf3+ 25. Kh1 f4 26. Kg2 Nh4+ 27. Kh1 f3 0-1

[Event "Titled Tuesday intern op 03rd Sep Early"]
[Site "Chess.com INT"]
[Date "2024.09.03"]
[Round "6"]
[White "Pawar, Harshit"]
[Black "Jian, Alex"]
[Result "1-0"]
[WhiteElo "2213"]
[BlackElo "2031"]
[PlyCount "93"]
[EventDate "2024.09.03"]
[EventType "swiss (blitz)"]
[EventRounds "11"]
[EventCountry "USA"]
[SourceTitle "EXT 2025"]
[Source "ChessBase"]
[SourceDate "2024.10.14"]
[SourceVersion "1"]
[SourceVersionDate "2024.10.14"]
[SourceQuality "1"]

1. e4 c5 2. Nc3 Nc6 3. Bb5 Nd4 4. Bc4 e6 5. Nge2 a6 6. a4 Ne7 7. 0-0 d5 8. exd5 exd5 9. Ba2 Bg4 10. f3 Bf5 11. d3 Nxe2+ 12. Qxe2 Be6 13. Bg5 Qd7 14. Rae1 h6 15. Bxe7 Bxe7 16. Bxd5 Bf5 17. Qe5 Kf8 18. Bxb7 Bd6 19. Qd5 Rb8 20. Bc6 Qc7 21. Qxf5 Qxc6 22. b3 g6 23. Qe4 Qc7 24. Nd5 Bxh2+ 25. Kh1 Qd6 26. Qe7+ Qxe7 27. Rxe7 Bg3 28. f4 Rd8 29. Re3 Rxd5 30. Rxg3 h5 31. Re3 Rf5 32. g3 Kg7 33. Kg2 h4 34. g4 Rd5 35. g5 Rd4 36. Kf3 h3 37. Kg3 h2 38. Rh1 Rh5 39. Re4 Rd5 40. Rxh2 Rxh2 41. Kxh2 Kf8 42. Kg3 Rf5 43. Re5 Rxe5 44. fxe5 Ke7 45. Kf4 Ke6 46. Ke4 a5 47. c3 1-0

[Event "Titled Tuesday intern op 03rd Sep Early"]
[Site "Chess.com INT"]
[Date "2024.09.03"]
[Round "7"]
[White "Sharapov, Evgeny"]
[Black "Pawar, Harshit"]
[Result "1-0"]
[WhiteElo "2375"]
[BlackElo "2213"]
[PlyCount "135"]
[EventDate "2024.09.03"]
[EventType "swiss (blitz)"]
[EventRounds "11"]
[EventCountry "USA"]
[SourceTitle "EXT 2025"]
[Source "ChessBase"]
[SourceDate "2024.10.14"]
[SourceVersion "1"]
[SourceVersionDate "2024.10.14"]
[SourceQuality "1"]

1. e4 e6 2. d4 d5 3. Nc3 Nf6 4. e5 Nfd7 5. f4 c5 6. Nf3 Nc6 7. Be3 Be7 8. Qd2 0-0 9. Nd1 cxd4 10. Nxd4 Nxd4 11. Bxd4 f6 12. exf6 Nxf6 13. Bd3 b6 14. 0-0 Bc5 15. Qe3 Qd6 16. Nf2 Qc7 17. Rae1 Bd7 18. Kh1 a5 19. c3 a4 20. a3 Rae8 21. h3 Nh5 22. Ng4 Rxf4 23. Ne5 Bxd4 24. cxd4 Ref8 25. g4 Rxf1+ 26. Rxf1 Rxf1+ 27. Bxf1 Nf6 28. Bd3 Bc8 29. g5 Nd7 30. Nxd7 Bxd7 31. Kg2 Qd6 32. Qe5 Qxe5 33. dxe5 d4 34. Kf2 h6 35. gxh6 gxh6 36. Ke2 Kf7 37. Kf3 Bc6+ 38. Kg4 Kg7 39. h4 Bd5 40. Kf4 Bc6 41. Bc4 Kf7 42. Bd3 Ke7 43. Kg4 Be8 44. Kf4 Bc6 45. Kg4 Kf7 46. Kf4 Bd5 47. Bb5 Bb3 48. Ke4 Kg6 49. Be8+ Kg7 50. Kxd4 Kf8 51. Bg6 Kg7 52. Bd3 Kf7 53. Kc3 Bd5 54. Kb4 Bc6 55. Bc2 Bd7 56. h5 b5 57. Bd3 Bc6 58. Bxb5 Bf3 59. Bxa4 Bxh5 60. Bc6 Kg6 61. a4 Kf5 62. a5 Kxe5 63. a6 Kd6 64. a7 Kxc6 65. a8Q+ Kd6 66. Qh8 Bf7 67. Qxh6 Ke7 68. Qg5+ 1-0

[Event "Abu Dhabi op-A 30th"]
[Site "Abu Dhabi"]
[Date "2024.08.22"]
[Round "7"]
[White "Pawar, Harshit"]
[Black "Namitbir, Singh Walia"]
[Result "0-1"]
[WhiteElo "2284"]
[BlackElo "2367"]
[PlyCount "72"]
[EventDate "2024.08.15"]
[EventType "swiss"]
[EventRounds "9"]
[EventCountry "UAE"]
[SourceTitle "EXT 2025"]
[Source "ChessBase"]
[SourceDate "2024.10.14"]
[SourceVersion "1"]
[SourceVersionDate "2024.10.14"]
[SourceQuality "1"]

1. e4 e5 2. Nc3 Nf6 3. Bc4 Nxe4 4. Qh5 Nd6 5. Qxe5+ Qe7 6. Qxe7+ Bxe7 7. Be2 Nf5 8. Nf3 Nc6 9. Nd5 Bd8 10. c3 Nce7 11. Nxe7 Bxe7 12. d4 d5 13. Bf4 c6 14. Bd3 h5 15. Kd2 f6 16. h4 Kf7 17. Rae1 a5 18. a4 Bd7 19. b3 Rhc8 20. Rc1 b5 21. Rhd1 bxa4 22. bxa4 c5 23. Ke2 cxd4 24. cxd4 Nd6 25. Rxc8 Rxc8 26. Ra1 Ne4 27. Bxe4 dxe4 28. Nd2 f5 29. f3 Bxh4 30. fxe4 fxe4 31. Nxe4 Rc2+ 32. Bd2 Bc6 33. Rf1+ Kg6 34. g3 Be7 35. Rf4 Bxe4 36. Kd1 Rxd2+ 0-1

[Event "Abu Dhabi op-A 30th"]
[Site "Abu Dhabi"]
[Date "2024.08.19"]
[Round "4"]
[White "Aradhya, Garg"]
[Black "Pawar, Harshit"]
[Result "1-0"]
[WhiteElo "2412"]
[BlackElo "2284"]
[PlyCount "77"]
[EventDate "2024.08.15"]
[EventType "swiss"]
[EventRounds "9"]
[EventCountry "UAE"]
[SourceTitle "EXT 2025"]
[Source "ChessBase"]
[SourceDate "2024.10.14"]
[SourceVersion "1"]
[SourceVersionDate "2024.10.14"]
[SourceQuality "1"]

1. d4 Nf6 2. c4 Nc6 3. Nf3 e6 4. a3 d6 5. Nc3 g6 6. e4 Bg7 7. Be2 0-0 8. 0-0 e5 9. d5 Ne7 10. b4 Nh5 11. g3 f5 12. Ng5 Nf6 13. Bf3 c6 14. Ra2 h6 15. Ne6 Bxe6 16. dxe6 Qe8 17. Rd2 Nc8 18. b5 Rb8 19. Qb3 c5 20. exf5 gxf5 21. Bd5 Kh8 22. Qd1 Ng4 23. h3 Nf6 24. Bb2 Qg6 25. Kh2 Ne8 26. g4 Nc7 27. gxf5 Qxf5 28. Qg4 Ne7 29. Rg1 Qxg4 30. Rxg4 Nf5 31. Ne4 Rbd8 32. f4 Rfe8 33. fxe5 Nxe6 34. Rf2 Ned4 35. e6 b6 36. Bxd4 Nxd4 37. Rf7 Nxe6 38. Rg6 Be5+ 39. Kh1 1-0

[Event "Sitges op 48th"]
[Site "Sitges"]
[Date "2024.07.22"]
[Round "1"]
[White "Pawar, Harshit"]
[Black "Jagreet, Misra"]
[Result "1-0"]
[WhiteElo "2308"]
[BlackElo "2009"]
[PlyCount "67"]
[EventDate "2024.07.22"]
[EventType "swiss"]
[EventRounds "9"]
[EventCountry "ESP"]
[SourceTitle "CBM 221 Extra"]
[Source "ChessBase"]
[SourceDate "2024.09.30"]
[SourceVersion "1"]
[SourceVersionDate "2024.09.30"]
[SourceQuality "1"]

1. e4 e5 2. Bc4 Nf6 3. d3 Bc5 4. Nc3 0-0 5. f4 exf4 6. Bxf4 Re8 7. Nge2 Bb6 8. Qd2 c6 9. Bg5 d5 10. exd5 h6 11. Bxf6 Qxf6 12. Rf1 Be3 13. Qxe3 Qxf1+ 14. Kxf1 Rxe3 15. Ne4 Bf5 16. N2g3 Bxe4 17. Nxe4 Nd7 18. Kf2 Rxe4 19. dxe4 Ne5 20. Be2 c5 21. a4 Kf8 22. a5 Ke7 23. Ke3 Kd6 24. c4 Re8 25. g4 Ng6 26. b4 Re7 27. Rb1 a6 28. b5 axb5 29. Rxb5 Nh4 30. Bf1 Rc7 31. Rb6+ Ke5 32. g5 hxg5 33. Bh3 Re7 34. d6 1-0

[Event "Wch U20 61st"]
[Site "Gandhinagar"]
[Date "2024.06.05"]
[Round "4"]
[White "Pawar, Harshit"]
[Black "Quizon, Daniel"]
[Result "1/2-1/2"]
[WhiteElo "2132"]
[BlackElo "2448"]
[PlyCount "42"]
[EventDate "2024.06.02"]
[EventType "swiss"]
[EventRounds "11"]
[EventCountry "IND"]
[SourceTitle "CBM 220 Extra"]
[Source "ChessBase"]
[SourceDate "2024.07.31"]
[SourceVersion "1"]
[SourceVersionDate "2024.07.31"]
[SourceQuality "1"]

1. e4 c5 2. Nc3 Nc6 3. Bb5 g6 4. Bxc6 bxc6 5. f4 Bg7 6. Nf3 d6 7. d3 Nf6 8. h3 0-0 9. 0-0 Rb8 10. Qe1 Qb6 11. Kh2 Ne8 12. Bd2 Qc7 13. Rb1 f6 14. Kh1 e5 15. b3 Be6 16. Qg3 Qd7 17. Rbe1 Nc7 18. Rf2 Nb5 19. fxe5 fxe5 20. Nxb5 cxb5 21. Ng5 Rxf2 1/2-1/2

[Event "Chennai op 14th"]
[Site "Chennai"]
[Date "2024.01.07"]
[Round "10"]
[White "Pawar, Harshit"]
[Black "Glek, Igor Vladimirovich"]
[Result "0-1"]
[WhiteElo "1945"]
[BlackElo "2429"]
[PlyCount "114"]
[EventDate "2023.12.31"]
[EventType "swiss"]
[EventRounds "10"]
[EventCountry "IND"]
[SourceTitle "CBM 218 Extra"]
[Source "ChessBase"]
[SourceDate "2024.03.31"]
[SourceVersion "1"]
[SourceVersionDate "2024.03.31"]
[SourceQuality "1"]

1. e4 c5 2. Nc3 Nc6 3. Bb5 Nd4 4. Bc4 Nf6 5. Nge2 a6 6. a4 e6 7. 0-0 d5 8. exd5 exd5 9. Ba2 Bd6 10. d3 Ne6 11. Ng3 0-0 12. Nh5 Nxh5 13. Qxh5 d4 14. Ne4 Be7 15. f4 g6 16. Qe5 Qc7 17. Bxe6 Qxe5 18. Bxf7+ Rxf7 19. fxe5 Rxf1+ 20. Kxf1 Bf5 21. Bg5 Bxg5 22. Nxg5 c4 23. Ke2 cxd3+ 24. cxd3 Re8 25. Kd2 Rxe5 26. Nf3 Rd5 27. h3 Bd7 28. Rc1 Bxa4 29. Rc8+ Kg7 30. Rc7+ Rd7 31. Rxd7+ Bxd7 32. Nxd4 Kf6 33. Ke3 Ke5 34. Nf3+ Kd5 35. Ng5 h6 36. Nf7 h5 37. Ng5 a5 38. Nf3 b5 39. Kd2 b4 40. b3 Be6 41. Ke3 Kc5 42. Nd2 h4 43. d4+ Kc6 44. Nc4 Bd5 45. Ne5+ Kb5 46. Nxg6 Bxb3 47. Nxh4 a4 48. Kd2 a3 49. Kc1 Kc4 50. Nf5 Kc3 51. Ng3 a2 52. Ne2+ Kd3 53. Kb2 Kxe2 54. h4 Kd3 55. h5 Bg8 56. d5 a1Q+ 57. Kxa1 Kc2 0-1

[Event "IND-ch U19"]
[Site "Ahmedabad"]
[Date "2023.09.20"]
[Round "1"]
[White "Avadhoot, Lokesh Bhakti Brahm"]
[Black "Pawar, Harshit"]
[Result "0-1"]
[WhiteElo "1463"]
[BlackElo "1970"]
[PlyCount "93"]
[EventDate "2023.09.20"]
[EventType "swiss"]
[EventRounds "11"]
[EventCountry "IND"]
[SourceTitle "CBM 216 Extra"]
[Source "ChessBase"]
[SourceDate "2023.11.30"]
[SourceVersion "1"]
[SourceVersionDate "2023.11.30"]
[SourceQuality "1"]

1. e4 e6 2. d4 d5 3. Nc3 Nf6 4. e5 Nfd7 5. f4 c5 6. Nf3 Nc6 7. Be3 h6 8. Qd2 g5 9. dxc5 gxf4 10. Bxf4 Nxc5 11. Be2 a6 12. 0-0 b5 13. Nd4 Nxd4 14. Qxd4 b4 15. Nd1 Ne4 16. Kh1 Qh4 17. Qd3 Bb7 18. Qf3 0-0-0 19. a3 d4 20. Bxa6 Bxa6 21. Qxe4 Bb7 22. Qd3 Rg8 23. Bg3 Qh3 24. Rg1 Be7 25. Nf2 Qh5 26. Ne4 Qg6 27. Nd6+ Bxd6 28. exd6 Qxd3 29. cxd3 f6 30. Rgc1+ Kb8 31. Rc4 e5 32. Rxb4 Rxd6 33. a4 h5 34. Rf1 Ka8 35. Rg1 Rg4 36. Be1 Ba6 37. Rb3 Rc6 38. h3 Rg6 39. h4 Rc2 40. Kh2 f5 41. a5 Bb7 42. Rb6 Rg4 43. Rxb7 Kxb7 44. b4 Ka6 45. Kh3 f4 46. g3 Re2 47. Rh1 0-1